|
|
|
|
| LEADER |
00000nam a22000007a 4500 |
| 005 |
20140715030537.0 |
| 007 |
cr|||| |||| |
| 008 |
140715s2014 br |||||s|||| 00||0 por d |
| 020 |
|
|
|a 978-85-361-2895-5
|
| 035 |
|
|
|a 12282
|
| 040 |
|
|
|a vLex
|
| 090 |
|
|
|c 5060
|d 5060
|
| 100 |
1 |
|
|a Wyzykowski, Adriana
|
| 245 |
1 |
0 |
|a Assďio moral laboral e direitos fundamentais
|h [Recurso electrn̤ico] /
|c Adriana Wyzykowski, Renato Da Costa Lino De Goes Barros, Rodolfo Pamplona Filho
|
| 256 |
|
|
|a Servicio en ln̕ea
|
| 260 |
|
|
|a San Pablo:
|b LTR Editora,
|c 2014
|
| 300 |
|
|
|a 1 recurso electrn̤ico
|
| 500 |
|
|
|a Em tempos de reconstruȯ̂ do Direito do Trabalho ̉luz dos Direitos Humanos, os autores brindam-nos com uma obra que renasce como refern̊cia indispensv̀el aos desejosos de compreender o tema do assďio moral na relaȯ̂ de emprego. O livro promove meticulosa investigaȯ̂ em torno da morfologia e das consequn̊cias jurd̕icas das prt̀icas assediantes no mundo do trabalho, reafirmando a plena tutela do ser humano como paradigma do Direito do Trabalho contemporńeo.
|
| 506 |
1 |
|
|a Disponible solo en los productos indicados
|d vLex Global
|d vLex Global (Academic Edition, excluding Law Schools)
|d vLex Global (U.S. Academic Edition, Law Schools)
|d vLex Global (U.S. Academic Edition, excluding Law Schools)
|d vLex Global (Academic Edition, Law Schools)
|
| 650 |
0 |
4 |
|a Derecho Civil
|z Brasil
|
| 650 |
0 |
4 |
|a Derecho Laboral y Seguridad Social
|z Brasil
|
| 700 |
1 |
|
|a De Goes Barros, Renato Da Costa Lino
|
| 700 |
1 |
|
|a Filho, Rodolfo Pamplona
|
| 740 |
0 |
|
|a vLex Libros (Servicio en ln̕ea)
|
| 856 |
4 |
0 |
|u http://vlex.com/source/assedio-moral-laboral-e-direitos-fundamentais-12282
|z Acceso restringido
|
| 942 |
|
|
|c BOOK
|
| 999 |
0 |
|
|a Civil Law
|
| 999 |
0 |
|
|a Labor Law and Social Security
|